| 000 | 01640nam a2200409 c 4500 | ||
|---|---|---|---|
| 003 | BLK | ||
| 005 | 20231109143251.0 | ||
| 008 | 180410b bul|||||r ||||||| ||bul|| | ||
| 010 | _aKNG00159297000 | ||
| 020 | _a978-954-26-1309-1 | ||
| 040 | _aBLK | ||
| 041 |
_aBUL _cBUL |
||
| 072 | 7 |
_2bullib _aН84 _xБългарска художествена литература Н |
|
| 080 |
_aБългарска литература _b821.163.2 _x-93-312.9 _z821.163.2-93-312.9 |
||
| 100 | 1 |
_aБожилова, Ванина Иванова _eпърви автор _9331887 |
|
| 139 |
_aБожилова, Ванина Иванова и др. _bБ 56 |
||
| 245 | 1 | 0 |
_aГосподарката на седемте камъка _bКн. 1 - _cВанина Иванова Божилова; съавт. Евгения Павлова Танева. _nТ. 1 _pРъката на съдбата |
| 257 | _aBGR | ||
| 260 |
_bХермес _c2014 - _fХасково : Полиграфюг |
||
| 300 | _c20 см | ||
| 380 | _aX | ||
| 500 | _aЗа авторките. | ||
| 653 | _aфентъзи | ||
| 653 | _aромани | ||
| 653 |
_aдобро _9185334 |
||
| 653 |
_aзло _9187028 |
||
| 659 | _aН | ||
| 700 | 1 |
_aТанева, Евгения Павлова _eсъавт. _9331888 |
|
| 760 | 1 |
_aБожилова, Ванина Иванова _d2014 _h184 с. _tТ. 1 Ръката на съдбата |
|
| 852 | _aЦб 268309 | ||
| 856 | 4 | _qpdf | |
| 856 | 4 | _qpdf | |
| 942 |
_cKNG _n0 _02 |
||
| 944 |
_aCR _c08.04.2014 _lМира Стойчева _k30532 |
||
| 944 |
_aED _c15.09.2015 _lф / _kВиолета_Тройчева |
||
| 999 |
_c152778 _d152778 |
||
| 999 | _d152778 | ||